00708nam a2200193Ia 450000500170000000800410001702000180005804000130007608200130008910000300010224500690013226000550020130000140025654600120027065000490028294200100033195201560034199900170049720250806113125.0231207s9999 xx 000 0 und d a9780801859250 cPK-LaNCA a701bMAR aMarranca, Bonnie (Editor) 0aConservations on art and performancecEdited by Bonnie Marranca bThe Johns Hopkins University PressaMarylandc1999 axiv, 506p aEnglish aPerforming arts, Art--Essays, Art--Criticism cMA-VA 0010406701_000000000000000_MAR_1516570911338aNCAbNCAcM.A Visual Artd2023-12-08l0o701 MAR 15165p15165r2023-12-08 00:00:00w2023-12-08yMA-VA c11338d11338